000
00207 a2200097 4500
001
45621
100
_a
Taylor P
245
_a
The old forest
260
_a
London
_b
Chatto & windus
_c
090
_c
28788
_d
28788
942
_a
NUST-CAE
_c
M
_c
20877
999
_c
280694
_d
280694